Nghiên cứu phản ứng đồng trùng hợp ghép axit acrylic lên sợi xơ dừa
Đặc tính hóa lí của sợi xơ dừa. Nghiên cứu các yếu tố ảnh hưởng đến quá trình xử lý sợi. Đồng trùng hợp ghép axit acrylic lên sợi xơ dừa sử dụng chất khơi mào APS. Đồng trùng hợp ghép axit acrylic lên sợi xơ dừa sử dụng chất khơi mào Fe2+/H2O2. Chứng minh sự tồn tại sản phẩm ghép: ảnh SEM, phổ hồng...
Đã lưu trong:
| Tác giả chính: | |
|---|---|
| Tác giả khác: | |
| Định dạng: | Sách |
| Được phát hành: |
Đà Nẵng
Đại học Sư phạm, Đại học Đà Nẵng
2012
|
| Những chủ đề: | |
| Các nhãn: |
Thêm thẻ
Không có thẻ, Là người đầu tiên thẻ bản ghi này!
|
| Thư viện lưu trữ: | Mạng thư viện Đại học Đà Nẵng |
|---|
| LEADER | 01995nam a2200337 4500 | ||
|---|---|---|---|
| 001 | 000017609 | ||
| 003 | 14028 | ||
| 005 | 20130503080534.0 | ||
| 008 | 130503s2012 sd | ||
| 082 | |a 664.80461 |b HƯ-T | ||
| 100 | 1 | |a Hứa Thị Thu Thủy | |
| 245 | |a Nghiên cứu phản ứng đồng trùng hợp ghép axit acrylic lên sợi xơ dừa |c Hứa Thị Thu Thủy ; Trần Mạnh Lục hướng dẫn |k Khóa luận tốt nghiệp | ||
| 260 | |a Đà Nẵng |b Đại học Sư phạm, Đại học Đà Nẵng |c 2012 | ||
| 300 | |a 60 tr. |b Hình mh. |c 29 cm. |e Đĩa CD, bản tóm tắt | ||
| 500 | |a Khóa luận tốt nghiệp đại học. Chuyên ngành: Sư phạm Hóa | ||
| 504 | |a Mục lục đầu trang, tài liệu tham khảo tr. 73 - 74, phụ lục [13 tr.] | ||
| 520 | |a Đặc tính hóa lí của sợi xơ dừa. Nghiên cứu các yếu tố ảnh hưởng đến quá trình xử lý sợi. Đồng trùng hợp ghép axit acrylic lên sợi xơ dừa sử dụng chất khơi mào APS. Đồng trùng hợp ghép axit acrylic lên sợi xơ dừa sử dụng chất khơi mào Fe2+/H2O2. Chứng minh sự tồn tại sản phẩm ghép: ảnh SEM, phổ hồng ngoại. | ||
| 600 | 1 | 4 | |b Vua |c Đinh Tiên Hoàng |
| 650 | 0 | 4 | |a Phản ứng hóa học |v Khóa luận tốt nghiệp |x Sợi xơ dừa |x Nghiên cứu |
| 653 | |a Sợi xơ dừa |a Khoa Hóa học |a Hóa học |a Phản ứng đồng trùng hợp |a Axit acrylic | ||
| 700 | |a Trần Mạnh Lục |c T.S |e Hướng dẫn | ||
| OWN | |a LSP | ||
| AVA | |a UDN50 |b LSP |d 664.80461 HƯ-T |e available |t Error 5001 Not defined in file expand_doc_bib_avail. |f 1 |g 0 |h N |i 0 |k 1 | ||
| 999 | |a From the UDN01 | ||
| AVA | |a UDN50 |b LSP |d 664.80461 HƯ-T |e available |t Error 5001 Not defined in file expand_doc_bib_avail. |f 1 |g 0 |h N |i 0 |k 1 | ||
| TYP | |a Monograph | ||
| TYP | |a Printed language | ||
| 980 | |a Mạng thư viện Đại học Đà Nẵng | ||